| 000 -LEADER |
| fixed length control field |
00808cam a2200229 i 4500 |
| 001 - CONTROL NUMBER |
| control field |
19385670 |
| 005 - DATE AND TIME OF LATEST TRANSACTION |
| control field |
20221108163302.0 |
| 008 - FIXED-LENGTH DATA ELEMENTS--GENERAL INFORMATION |
| fixed length control field |
161125s2017 enk b 001 0 eng |
| 020 ## - INTERNATIONAL STANDARD BOOK NUMBER |
| International Standard Book Number |
9781138123205 (pbk.) X |
| 080 ## - UNIVERSAL DECIMAL CLASSIFICATION NUMBER |
| Universal Decimal Classification number |
81'255.2 G-58 |
| 100 1# - MAIN ENTRY--PERSONAL NAME |
| Personal name |
Gillies, Andrew, |
| Dates associated with a name |
1971- |
| Relator term |
author. |
| 9 (RLIN) |
9728 |
| 245 10 - TITLE STATEMENT |
| Title |
Note-taking for consecutive interpreting : |
| Remainder of title |
a short course / |
| Statement of responsibility, etc. |
Andrew Gillies. |
| 250 ## - EDITION STATEMENT |
| Edition statement |
Second edition. |
| 264 #1 - PRODUCTION, PUBLICATION, DISTRIBUTION, MANUFACTURE, AND COPYRIGHT NOTICE |
| Place of production, publication, distribution, manufacture |
New York : |
| Name of producer, publisher, distributor, manufacturer |
Routledge/Taylor & Francis Group, |
| Date of production, publication, distribution, manufacture, or copyright notice |
2017. |
| 300 ## - PHYSICAL DESCRIPTION |
| Extent |
289 pages ; |
| Dimensions |
24 cm. |
| 490 0# - SERIES STATEMENT |
| Series statement |
Translation practices explained |
| 650 #0 - SUBJECT ADDED ENTRY--TOPICAL TERM |
| Topical term or geographic name entry element |
Translating and interpreting. |
| 9 (RLIN) |
9729 |
| 650 #0 - SUBJECT ADDED ENTRY--TOPICAL TERM |
| Topical term or geographic name entry element |
Note-taking. |
| 9 (RLIN) |
9730 |
| 653 ## - INDEX TERM--UNCONTROLLED |
| keyword |
თარგმნა და ინტერპრეტაცია |
| 653 ## - INDEX TERM--UNCONTROLLED |
| keyword |
ლინგვისტიკა |
| 942 ## - ADDED ENTRY ELEMENTS (KOHA) |
| Source of classification or shelving scheme |
|
| Koha item type |
წიგნი |